[Event "Aragon-chT Honor Descenso"]
[Site "Aragon"]
[Date "2021.05.29"]
[Round "9.16"]
[White "Cid Royo, Jonathan"]
[Black "Llanes Luno, Ricardo"]
[Result "1/2-1/2"]
[WhiteElo "2176"]
[BlackElo "2199"]
[PlyCount "105"]
[EventDate "2021.05.15"]
[EventType "team-tourn"]
[EventRounds "10"]
[EventCountry "ESP"]
[SourceTitle "EXT 2024"]
[Source "ChessBase"]
[SourceDate "2023.10.10"]
[SourceVersion "1"]
[SourceVersionDate "2023.10.10"]
[SourceQuality "1"]
[WhiteTeam "La Aurora Estadilla"]
[BlackTeam "Delicias"]
[WhiteTeamCountry "ESP"]
[BlackTeamCountry "ESP"]

1. e4 c5 2. Nf3 e6 3. d4 cxd4 4. Nxd4 Nf6 5. Nc3 Bb4 6. Bd3 Nc6 7. Nxc6 dxc6 8. 0-0 e5 9. a3 Bxc3 10. bxc3 Be6 11. h3 Qa5 12. Bd2 0-0 13. c4 Qa4 14. Rb1 c5 15. Rxb7 Bxc4 16. Qf3 Ba6 17. Rbb1 c4 18. Be2 Qxc2 19. Bc3 Qxe4 20. Rfe1 Rab8 21. Qxe4 Nxe4 22. Bxe5 Rxb1 23. Rxb1 Re8 24. Rb8 Rxb8 25. Bxb8 Nc3 26. Kf1 Nxe2 27. Kxe2 c3+ 28. Ke1 c2 29. Kd2 Bf1 30. g3 Bxh3 31. Kxc2 a6 32. Kd3 f6 33. Ke3 Kf7 34. f4 Ke6 35. Kf3 Kf5 36. Bd6 Bg4+ 37. Ke3 Bd1 38. Bf8 g6 39. Be7 h5 40. Kf2 Bb3 41. Ke3 Kg4 42. Kf2 Kf5 43. Ke3 Bd5 44. Bd8 Bc6 45. Bc7 Kg4 46. Kf2 g5 47. fxg5 fxg5 48. Bd6 Kh3 49. Kg1 h4 50. gxh4 Kxh4 51. Kf2 Kh3 52. Be7 g4 53. Bd6 1/2-1/2

[Event "Aragon-chT Honor Gr-II"]
[Site "Aragon"]
[Date "2020.02.29"]
[Round "6.29"]
[White "Accattato Martin, Mario"]
[Black "Cid Royo, Jonathan"]
[Result "1-0"]
[WhiteElo "2223"]
[BlackElo "2219"]
[PlyCount "95"]
[EventDate "2020.01.25"]
[EventType "team-tourn"]
[EventRounds "7"]
[EventCountry "ESP"]
[SourceTitle "EXT 2022"]
[Source "ChessBase"]
[SourceDate "2021.10.06"]
[SourceVersion "1"]
[SourceVersionDate "2021.10.06"]
[SourceQuality "1"]
[WhiteTeam "Monzon"]
[BlackTeam "La Aurora Estadilla"]
[WhiteTeamCountry "ESP"]
[BlackTeamCountry "ESP"]

1. e4 c5 2. Nf3 d6 3. Bb5+ Bd7 4. Bxd7+ Nxd7 5. 0-0 Ngf6 6. Re1 e6 7. d4 cxd4 8. Nxd4 a6 9. c4 Be7 10. b3 0-0 11. Nc3 Rc8 12. Qd2 Ne5 13. Bb2 Qc7 14. Qe2 Rfd8 15. Nc2 d5 16. exd5 Neg4 17. g3 Bc5 18. Rf1 Nxf2 19. Rxf2 exd5 20. cxd5 Bxf2+ 21. Qxf2 Nxd5 22. Nxd5 Rxd5 23. Ne3 Rd3 24. Nf5 Rcd8 25. Bxg7 Rd1+ 26. Rxd1 Rxd1+ 27. Kg2 Qc6+ 28. Kh3 Qd7 29. Qf4 Rd5 30. Qb8+ Qd8 31. Qxd8+ Rxd8 32. Kg4 Rd2 33. h4 Rxa2 34. Kg5 Ra5 35. Bh6 Rb5 36. Kf6 Rb6+ 37. Ke7 Re6+ 38. Kd7 Re2 39. Ne7+ Kh8 40. g4 Re6 41. g5 b5 42. Ke8 f5 43. Kf7 Rxh6 44. gxh6 f4 45. h5 f3 46. Ng6+ hxg6 47. hxg6 f2 48. g7+ 1-0

[Event "Estadilla op 33rd"]
[Site "Estadilla"]
[Date "2019.05.19"]
[Round "7"]
[White "Cid Royo, Jonathan"]
[Black "Quintin Navarro, Alberto"]
[Result "1/2-1/2"]
[WhiteElo "2226"]
[BlackElo "2384"]
[PlyCount "135"]
[EventDate "2019.05.19"]
[EventType "swiss (rapid)"]
[EventRounds "9"]
[EventCountry "ESP"]
[SourceTitle "EXT 2020"]
[Source "ChessBase"]
[SourceDate "2019.10.17"]
[SourceVersion "1"]
[SourceVersionDate "2019.10.17"]
[SourceQuality "1"]

1. e4 e5 2. Nf3 Nc6 3. Bb5 a6 4. Ba4 Nf6 5. Qe2 b5 6. Bb3 Bc5 7. a4 Rb8 8. axb5 axb5 9. 0-0 d6 10. h3 0-0 11. d3 Ne7 12. Be3 Ng6 13. c3 Bb6 14. Nbd2 Nh5 15. Bxb6 Rxb6 16. Kh2 Qf6 17. Qe3 Nhf4 18. Ng1 Rb8 19. Ra7 c5 20. Bd5 Nxd5 21. exd5 Nf4 22. Ne4 Qd8 23. c4 bxc4 24. dxc4 Rxb2 25. Ra8 Qc7 26. Rfa1 Rb8 27. Nf3 Bf5 28. R8a6 Bxe4 29. Qxe4 Rb2 30. Ng5 Ng6 31. Ra7 Rb7 32. Ra8 h6 33. Ne6 fxe6 34. Qxg6 Qf7 35. Rxf8+ Kxf8 36. Ra8+ Ke7 37. Qh7 exd5 38. cxd5 g5 39. Qc2 Kf6 40. Rh8 Qg7 41. Rd8 Rd7 42. Re8 Re7 43. Rd8 Rd7 44. Re8 Re7 45. Rd8 e4 46. Rxd6+ Kf7 47. Qxc5 Qe5+ 48. Kh1 Rb7 49. Rb6 Rc7 50. Rc6 Rb7 51. Rb6 Rd7 52. Rxh6 Kg7 53. Re6 Qf5 54. Qd4+ Kf7 55. Re5 Qf4 56. Rxe4 Qf5 57. d6 Rxd6 58. Qxd6 Qxe4 59. Qg3 Kg6 60. Kh2 Kh6 61. Qe3 Qc4 62. f3 Qc7+ 63. Kg1 Qc4 64. Qe4 Qc5+ 65. Kh2 Qd6+ 66. Kg1 Qc5+ 67. Kh2 Qd6+ 68. Kg1 1/2-1/2

[Event "Aragon-chT Honor Gr-B"]
[Site "Aragon"]
[Date "2019.03.02"]
[Round "6.21"]
[White "Cid Royo, Jonathan"]
[Black "Romero Pallares, Daniel"]
[Result "1-0"]
[WhiteElo "2205"]
[BlackElo "2190"]
[PlyCount "49"]
[EventDate "2019.01.26"]
[EventType "team-tourn"]
[EventRounds "7"]
[EventCountry "ESP"]
[SourceTitle "EXT 2020"]
[Source "ChessBase"]
[SourceDate "2019.10.17"]
[SourceVersion "1"]
[SourceVersionDate "2019.10.17"]
[SourceQuality "1"]
[WhiteTeam "La Aurora Estadilla"]
[BlackTeam "Palacio de Pioneros"]
[WhiteTeamCountry "ESP"]
[BlackTeamCountry "ESP"]

1. e4 e6 2. d4 d5 3. Nc3 Nf6 4. Bg5 Be7 5. e5 Nfd7 6. Bxe7 Qxe7 7. f4 0-0 8. Nf3 c5 9. Nb5 Nc6 10. c3 f6 11. Bd3 fxe5 12. fxe5 a6 13. Nd6 cxd4 14. cxd4 Rxf3 15. Qxf3 Nxd4 16. Bxh7+ Kxh7 17. Qh5+ Kg8 18. 0-0 Nf5 19. g4 Nxe5 20. gxf5 Qxd6 21. f6 Bd7 22. f7+ Nxf7 23. Qxf7+ Kh8 24. Rf4 Qc5+ 25. Kh1 1-0

[Event "Autonomico-chT"]
[Site "Aragon"]
[Date "2005.04.02"]
[Round "9.6"]
[White "Lopez Gracia, Fernando"]
[Black "Cid Royo, Jonathan"]
[Result "1/2-1/2"]
[WhiteElo "2349"]
[BlackElo "2271"]
[PlyCount "90"]
[EventDate "2005.01.22"]
[EventType "team"]
[EventRounds "12"]
[EventCountry "ESP"]
[SourceTitle "EXT 2006"]
[Source "ChessBase"]
[SourceDate "2005.11.24"]
[SourceVersion "1"]
[SourceVersionDate "2005.11.24"]
[SourceQuality "1"]

1. e4 d5 2. exd5 Nf6 3. d4 Nxd5 4. Nf3 g6 5. Be2 Bg7 6. 0-0 0-0 7. c4 Nb6 8. Nc3 Nc6 9. d5 Ne5 10. c5 Nbd7 11. Nxe5 Bxe5 12. Bh6 Re8 13. f4 Bh8 14. f5 Nxc5 15. fxg6 hxg6 16. Bb5 Bd7 17. Bc4 e5 18. Qf3 f5 19. Qg3 Qf6 20. Bg5 Qd6 21. b4 Ne4 22. Nxe4 fxe4 23. Rae1 Qxb4 24. Bf6 Qb6+ 25. Kh1 Bxf6 26. Qxg6+ Bg7 27. d6+ Be6 28. Rf7 Bxf7 29. Bxf7+ Kf8 30. Rf1 Qxd6 31. Bxe8+ Kg8 32. Bf7+ Kh8 33. Be6 Qd2 34. Qxe4 Rf8 35. Rxf8+ Bxf8 36. Qxe5+ Bg7 37. Qh5+ Qh6 38. Qe8+ Bf8 39. g4 Qf4 40. Kg2 Kg7 41. Qd7+ Kf6 42. Bf5 Qd6 43. Qe8 Qd2+ 44. Kf3 Qd1+ 45. Kg2 Qd2+ 1/2-1/2

[Event "Aragon-chT"]
[Site "Spain"]
[Date "2004.03.20"]
[Round "8.2"]
[White "Cid Royo, Jonathan"]
[Black "Veras Sanz, Marino"]
[Result "1-0"]
[WhiteElo "2269"]
[BlackElo "2096"]
[PlyCount "139"]
[EventDate "2004.01.??"]
[EventType "team"]
[EventRounds "11"]
[EventCountry "ESP"]
[SourceTitle "EXT 2006"]
[Source "ChessBase"]
[SourceDate "2005.11.24"]
[SourceVersion "1"]
[SourceVersionDate "2005.11.24"]
[SourceQuality "1"]

1. e4 c5 2. Nf3 d6 3. d4 cxd4 4. Qxd4 Nc6 5. Bb5 Bd7 6. Bxc6 Bxc6 7. Nc3 Nf6 8. Bg5 e6 9. 0-0-0 Be7 10. Rhe1 0-0 11. e5 dxe5 12. Qh4 Qc7 13. Nxe5 Rfd8 14. Ng4 Rxd1+ 15. Rxd1 Rd8 16. Nxf6+ Bxf6 17. Bxf6 Rxd1+ 18. Nxd1 gxf6 19. Qxf6 Qxh2 20. Ne3 Qh5 21. b4 Bxg2 22. Qd8+ Kg7 23. Qd4+ e5 24. Qxa7 Qe2 25. Qc5 Qxf2 26. Qxe5+ f6 27. Qe7+ Kg6 28. Qe8+ Kg7 29. Qd7+ Kf8 30. Nxg2 Qxg2 31. Qxh7 Qd5 32. Kb2 f5 33. Qh6+ Ke7 34. Qf4 b5 35. Kc3 Qc6+ 36. Kd3 Qd5+ 37. Qd4 Qxa2 38. Qe5+ Kd8 39. Qxb5 Qa3+ 40. c3 Qc1 41. Qb6+ Kd7 42. Qe3 Qf1+ 43. Kd4 Qb1 44. Qe5 Qg1+ 45. Kd3 Qg6 46. Qf4 Kc6 47. c4 Qg1 48. b5+ Kb7 49. Qf3+ Kc7 50. Qf4+ Kb7 51. Qe3 Qd1+ 52. Kc3 Qb1 53. Kd4 Qa1+ 54. Kd5 Qf6 55. c5 Qf7+ 56. Kd4 f4 57. Qe4+ Kb8 58. Qe5+ Kb7 59. c6+ Kb6 60. Qc5+ Ka5 61. c7 Qg7+ 62. Ke4 Qg2+ 63. Kxf4 Qh2+ 64. Ke4 Qg2+ 65. Ke5 Qg7+ 66. Kd6 Qf8+ 67. Kc6 Qa8+ 68. Kd7 Qf3 69. b6+ Ka4 70. Qc6+ 1-0